00676nam a2200217Ia 4500003000400000005001700004008004100021020001800062040001800080041000800098082002100106100001700127245008900144250001200233260004600245300003300291650005000324650004700374700001600421700002100437OSt20220608115334.0210716s2014 xx 000 0 und d a9789327231168 cAIMIT LIBRARY aeng a658.83 21bBANS aBansal, S P. aEssemtials of marketing research /cBy S. P. Bansal, O. P. Verma and Sanjeet Sharma. a1st ed. aNew Delhi :bKalyani Publishers ,c2014 . axxv, 23.36p. ;33p. ;c24 cm. 2Univariate and bivariate statistical analysis 2Basic data analysis and hypothesis testing aVerma, O P. aSharma, Sanjeet.